[Event "LXIII MEX-ch Open Leon 2017"]
[Site "Leon"]
[Date "2017.04.14"]
[Round "7"]
[White "Lopez Raygoza, Luis Albert"]
[Black "Leon Valdes, Jony Wilson"]
[Result "1/2-1/2"]
[WhiteElo "2250"]
[BlackElo "2363"]
[Annotator "TA"]
[PlyCount "66"]
[EventDate "2017.??.??"]
[EventType "swiss"]
[EventCountry "MEX"]
[SourceTitle "playchess.com"]
[Source "ChessBase"]
[SourceQuality "1"]

{[%evp 31,66,4,27,-16,-27,-7,-19,-14,-4,-26,-7,-20,-20,-25,-7,-39,-18,-41,-47,-84,-10,-17,-12,-12,0,0,0,0,0,0,0,0,-8,-1,0,0,88]} 1. e4 e6 2. d4 d5 3. Nc3 Nf6 4. e5 Nfd7 5. f4 c5 6. Nf3 Nc6 7. Be3 cxd4 8. Nxd4 Bc5 9. Qd2 O-O 10. O-O-O a6 11. Qf2 Bxd4 12. Bxd4 b5 13. Be3 {C11: French: Classical System: 4 e5 and 4 Bg5 dxe4} Bb7 (13... Qa5 14. Kb1 b4 15. Ne2 Qc7 16. Nd4 Nxd4 17. Bxd4 a5 18. Bb5 a4 19. b3 Ba6 20. Bxa4 Rfc8 {1-0 (74) So,W (2808)-Holt,C (2567) chess.com INT 2017}) 14. Kb1 Rc8 15. Bd3 Nb4 16. Bd4 Qe7 {LiveBook: 3 Games} 17. f5 $146 (17. Rhe1 Nxd3 18. cxd3 b4 19. Ne2 a5 20. g4 b3 {½-½ (35) Quesada Perez,Y (2638)-Tiviakov,S (2590) Villahermosa 2016}) 17... Nxd3 18. Rxd3 {[#] Hoping for f6.} exf5 19. Qxf5 Nc5 20. Rh3 {[%csl Gh3][%cal Rf5h7]} h6 (20... g6 $5 {seems wilder.} 21. Qf4 h5 22. Ne2 Ne6 23. Qf6 Rfe8) 21. Be3 (21. Rf1 b4 22. Be3 Qd7 23. Qxd7 Nxd7 $15) 21... Qe6 22. Qf2 Nd7 23. Bd4 Nxe5 24. Re1 f6 25. Qg3 Rc4 (25... Qf5 $17 {Strongly threatening ...b4.} 26. a3 (26. Bxe5 $2 fxe5 27. Rxh6 d4 $19) 26... Nc6) 26. Rh4 $1 $11 {The position is equal.} b4 27. Nd1 $1 Kh7 {And now ...g5 would win.} 28. b3 $36 {[%mdl 2048] White fights for an advantage.} Rc7 ({Don't capture} 28... g5 $2 {[#]} 29. Rxh6+ $1 {[%mdl 512]} (29. bxc4 gxh4 30. Qf4 Re8 $14) 29... Kxh6 30. bxc4 $18) 29. Bxe5 fxe5 30. Rxe5 Qd6 31. Qe3 Qg6 32. Qd2 a5 33. Ne3 Rh8 (33... Qf6 $11 {keeps the balance.} 34. Rf5 Qxh4 35. Rxf8 d4) 1/2-1/2

[Event "LXIII MEX-ch Open Leon 2017"]
[Site "Leon"]
[Date "2017.04.15"]
[Round "8"]
[White "Gonzalez Vidal, Yuri"]
[Black "Diaz Hernandez, Heriberto"]
[Result "1-0"]
[WhiteElo "2534"]
[BlackElo "2331"]
[Annotator "TA"]
[PlyCount "138"]
[EventDate "2017.??.??"]
[EventType "swiss"]
[EventCountry "MEX"]
[SourceTitle "playchess.com"]
[Source "ChessBase"]
[SourceQuality "1"]

{[%evp 29,138,14,14,8,14,14,12,9,16,16,31,0,0,-7,2,11,22,21,27,25,16,1,40,17,62,50,81,41,62,63,63,63,63,61,110,109,131,108,133,135,139,135,170,170,154,154,203,204,247,240,240,228,295,202,613,611,608,604,933,920,1085,1082,915,775,758,732,639,168,210,189,1739,1575,1228,1205,1182,1139,29959,29960,29961,29960,29960,29961,29961,29945,2403,29946,29953,29958,29958,29957,29959,29960,29971,29967,29967,29966,29966,29968,29967,29969,29968,29969,29970,29970,29971,29972,29972,29973,29972,4633,29983]} 1. e4 e5 2. Nf3 Nc6 3. Bb5 a6 4. Ba4 Nf6 5. O-O Nxe4 6. d4 b5 7. Bb3 d5 8. dxe5 Be6 9. Qe2 Be7 10. Rd1 O-O {[#]} 11. c4 $1 {[%mdl 512]} bxc4 {[#]} 12. Bxc4 $1 {[%mdl 512]} Bc5 (12... dxc4 13. Rxd8) 13. Be3 Bxe3 14. Qxe3 Qb8 15. Bb3 Qb6 16. Qxb6 {C81: Open Ruy Lopez: Keres Variation (9 Qe2)} (16. Bxd5 $2 Qxe3 17. fxe3 Rad8 18. Bxe4 Rxd1+ 19. Kf2 Ne7 $19) 16... cxb6 17. Na3 {[%cal Bb1a3,Ba3c2,Bc2d4][%mdl 32]} ({Don't go for} 17. Bxd5 $2 Rad8 18. Ng5 Bxd5 $19) 17... Rfd8 18. Nc2 {The position is equal.} Rac8 19. Ncd4 Na5 20. h3 Nc4 21. Rab1 b5 22. Bc2 h6 23. Re1 Nc5 24. Nh4 $146 Re8 25. f4 Bd7 26. Nhf3 Re7 27. Re2 g6 28. Kf2 Rce8 29. b4 Ne6 30. Nxe6 Bxe6 31. g4 Bd7 32. Rbe1 $1 g5 33. f5 ({Much less strong is} 33. fxg5 $6 hxg5 34. Nxg5 Nxe5 $14) 33... f6 {[%cal Rf6e5]} 34. e6 ({Much worse is} 34. exf6 $6 Rxe2+ 35. Rxe2 Kf7 $14) 34... Bc6 35. Nd4 Bb7 36. a4 bxa4 37. Bxa4 Rc8 38. Bd7 Rc7 39. Rc2 Kf8 40. Ra1 h5 41. h4 hxg4 $2 (41... gxh4 42. gxh5 Rh7) 42. hxg5 $18 fxg5 43. Rh1 {Threatens to win with f6.} Kg7 {and the idea ...Bc8 leaves Black hopeful.} 44. Kg3 Rcxd7 45. exd7 Rxd7 46. Re2 Nd6 47. Ne6+ Kg8 48. Reh2 $2 (48. Kxg4 Bc8 49. Rh6) 48... Nxf5+ 49. Kxg4 Ne3+ $2 (49... d4) 50. Kxg5 d4 {[#]} 51. Rh8+ $1 Kf7 52. Nd8+ Rxd8 53. R1h7+ Ke6 54. Rxd8 Bd5 55. Rh6+ Ke7 56. Rhd6 Be6 57. Rxd4 Nc2 58. R8d6 Nxd4 59. Rxd4 {[%mdl 4096] Endgame KR-KB} Bd7 60. Kf4 Kd8 61. Rc4 Bb5 62. Rc5 Kd7 63. Ke5 Bc6 64. Ra5 Bb7 {[#]} 65. Kd4 $1 {[%cal Rd4c5]} Kc6 66. Rg5 Bc8 67. Rc5+ Kb7 68. Rc3 Bg4 69. Kc5 (69. Rg3 $142 Be2 70. Kc5 Kc8 71. Rg7 Kd8 72. Ra7 Bf3 73. Kb6 Bh5 74. Kxa6) 69... a5 1-0

[Event "LXIII MEX-ch Open Leon 2017"]
[Site "Leon"]
[Date "2017.04.15"]
[Round "8"]
[White "Macieja, Bartlomiej"]
[Black "Cordova, Emilio"]
[Result "1/2-1/2"]
[WhiteElo "2529"]
[BlackElo "2645"]
[Annotator "TA"]
[PlyCount "153"]
[EventDate "2017.??.??"]
[EventType "swiss"]
[EventCountry "MEX"]
[SourceTitle "playchess.com"]
[Source "ChessBase"]
[SourceQuality "1"]

{[%evp 16,153,50,41,53,55,39,42,36,53,93,75,88,13,47,44,60,17,36,0,25,-33,48,-56,-14,0,-18,-18,-28,-29,-6,-10,14,0,0,0,0,0,0,-43,-35,-23,-7,-22,-30,-66,-59,-54,16,6,16,0,25,13,15,-7,59,51,56,50,29,29,48,0,16,16,16,16,16,16,19,14,12,0,84,20,40,2,3,2,12,12,12,12,13,12,12,12,13,8,204,13,13,0,20,28,699,365,365,365,365,32,365,249,249,0,249,69,77,0,0,0,77,77,77,0,0,0,24,24,26,8,14,14,14,8,8,8,8,8,18,12,12,12,12,12,12,12,20,20]} 1. e4 e6 2. d4 d5 3. Nc3 dxe4 4. Nxe4 Nd7 5. Nf3 Ngf6 6. Bd3 Be7 7. Qe2 c5 8. Nxc5 Nxc5 9. dxc5 Qa5+ {C10: French with 3 Nc3: Unusual Black 3rd moves and 3...dxe4} 10. Bd2 Qxc5 11. Ne5 (11. O-O-O O-O 12. g4 b6 13. g5 Nd5 14. Ne5 Nb4 15. Bxb4 Qxb4 16. Rhg1 g6 17. h4 {½-½ (67) Rublevsky,S (2688)-Wang,H (2724) Ningbo 2010}) 11... O-O {White is slightly better.} 12. O-O-O Rd8 13. a3 $146 (13. g4 Nd7 14. f4 Nxe5 15. fxe5 Bd7 16. Rhf1 Be8 17. Kb1 {½-½ (29) Schuster,P (2466)-Zygulski,K (2417) ICCF email 2007}) 13... Qc7 14. Bg5 (14. g4 $16) 14... Rd5 15. f4 h6 16. h4 Bd7 (16... hxg5 $6 17. hxg5 g6 18. gxf6 Bxf6 19. Qg4 Rxe5 20. Bxg6 $18 (20. fxe5 Qxe5 21. c3 Qg5+ 22. Qxg5 Bxg5+ 23. Kc2 e5 $16)) 17. g4 Bc6 (17... hxg5 $2 18. hxg5 Rxe5 19. fxe5 $18) 18. Rh3 (18. Kb1 $11) 18... Rad8 (18... hxg5 $2 19. hxg5 g6 20. Qh2 $18 (20. gxf6 Bxf6 21. Re1 Rad8 $16)) (18... Bd6 $15) 19. Re1 (19. Kb1 $14) 19... Rxd3 20. Rxd3 hxg5 21. Rxd8+ Bxd8 22. hxg5 Nd7 (22... Nd5 $5 {is interesting.} 23. g6 fxg6 24. g5 Ne7 25. Nxc6 Qxc6 26. Qxe6+ Qxe6 27. Rxe6 Kf7) 23. Nxc6 bxc6 ({Don't go for} 23... Qxf4+ $2 24. Kb1 Bxg5 25. Nxa7 $18) (23... Qxc6 $5 {seems wilder.} 24. Kb1 Nf8 25. Qd3 Ba5 26. Rf1 Qg2) 24. Kb1 Nf8 (24... Qxf4 $2 25. Rd1 $18) 25. Qe3 g6 26. Rd1 Be7 27. Qe4 Bd6 28. Rf1 $1 Qb6 29. Ka2 Bc7 30. Rf3 Qg1 31. f5 exf5 ({Black should try} 31... Qc5 $1 $15) 32. gxf5 $11 Qxg5 33. Qxc6 Bb6 34. c4 Qe7 35. Qd5 gxf5 (35... g5 $11) 36. Rg3+ $14 Kh8 37. Qxf5 Ng6 38. Rd3 Kg7 39. b4 (39. Rd5 $5 {is more complex.} Nh4 40. Qd3 Ng6 41. b4 Qe1 42. Qd2) 39... Qe5 (39... Qe2+ $5 {looks sharper.} 40. Kb3 Ne5 41. Rg3+ Kf8 42. Qc8+ Ke7) 40. Qxe5+ Nxe5 41. Rg3+ Kf6 42. c5 Bd8 43. Kb3 Ke6 44. Rg8 Kd7 (44... Be7 $11) 45. Ka4 (45. Kc3 $16) 45... a6 $11 46. b5 axb5+ 47. Kxb5 Nc6 48. Rg7 Nd4+ 49. Kc4 Ke6 50. a4 Nc6 $1 51. Rg1 {Threatens to win with Rd1.} Bc7 52. Rd1 {Hoping for Kb5.} Na7 $2 {[#]} (52... f5 $11 {and Black stays safe.}) 53. Rb1 $2 ({White must play} 53. a5 $1 $18 {[%mdl 512]}) 53... Nc6 54. Rd1 {Black must now prevent Kb5.} f5 55. Kb5 Na5 $2 {[%mdl 8192]} ({Don't consider} 55... Na7+ $2 56. Ka6 Nc8 57. Kb7 $18) (55... Nb8 $11) 56. Re1+ Kd7 57. Rh1 f4 58. Rh7+ $2 (58. Rh3 $1 $18) 58... Kd8 $2 {[%mdl 8192]} (58... Kc8 $1 $14) 59. Rh8+ $18 Kd7 60. Rh7+ {[%mdl 1024] White has strong compensation.} Kd8 {[#]} 61. c6 $2 (61. Rh3 $1 $18) 61... Nb3 $14 62. Rh8+ ({Better is} 62. Rd7+ $16 Kc8 63. Rd3) 62... Ke7 $11 63. Rh7+ (63. a5 $11 f3 64. Rh7+ Kf6 65. a6 (65. Rxc7 $2 f2 66. Kb4 f1=Q $19)) 63... Kd8 $16 64. Rd7+ Kc8 {[#]} 65. Kc4 (65. Rd3 $1 $16 {[%cal Rd3b3]} Nc1 66. Rh3) 65... Na5+ $11 66. Kd5 Kb8 67. Rf7 Nb3 68. Kc4 Nd2+ {The position is equal.} 69. Kb5 {aiming for Rf8+.} Ne4 {...Nd6+ is the strong threat.} 70. Rf8+ Ka7 71. a5 Nc3+ 72. Kc4 Bxa5 73. Rf7+ Kb6 74. c7 Kb7 75. Rf5 Bxc7 76. Kxc3 f3 77. Rxf3 1/2-1/2

[Event "LXIII MEX-ch Open Leon 2017"]
[Site "Leon"]
[Date "2017.04.15"]
[Round "8"]
[White "Obregon Rivero, Juan Carlos"]
[Black "Hernandez Guerrero, Gilberto"]
[Result "1/2-1/2"]
[WhiteElo "2529"]
[BlackElo "2499"]
[Annotator "TA"]
[PlyCount "22"]
[EventDate "2017.??.??"]
[EventType "swiss"]
[EventCountry "MEX"]
[SourceTitle "playchess.com"]
[Source "ChessBase"]
[SourceQuality "1"]

{[%evp 19,22,11,15,2,25]} 1. d4 Nf6 2. c4 e6 3. Nc3 Bb4 4. e3 b6 5. Bd3 Bb7 6. Nf3 O-O 7. O-O c5 8. a3 cxd4 9. axb4 dxc3 10. bxc3 d6 11. Nd4 {E43: Nimzo-Indian: Rubinstein: 4...b6} (11. Re1 Nbd7 12. e4 Qc7 13. Bf4 Ne5 14. Nxe5 dxe5 15. Bg5 Ne8 16. Qg4 Kh8 17. Qh4 f6 18. Be3 f5 19. exf5 Qc6 20. Bf1 exf5 21. Qe7 Rf6 22. Bg5 {1-0 (22) De Vreugt,D (2459)-Ris,R (2205) Dieren 2003}) 11... Nbd7 $146 (11... a6 12. f3 Nbd7 13. e4 Ne5 14. Bg5 Rc8 15. Bb1 h6 16. Bh4 Rxc4 17. Qd2 Rc7 18. Re1 Ng6 {½-½ (41) Tukmakov,V-Gojhman,A Moscow 1966}) 1/2-1/2

[Event "LXIII MEX-ch Open Leon 2017"]
[Site "Leon"]
[Date "2017.04.15"]
[Round "8"]
[White "Cuenca Jimenez, Jose Fernando"]
[Black "Blanco Fernandez, Alvaro"]
[Result "1-0"]
[WhiteElo "2477"]
[BlackElo "2241"]
[Annotator "TA"]
[PlyCount "109"]
[EventDate "2017.??.??"]
[EventType "swiss"]
[EventCountry "MEX"]
[SourceTitle "playchess.com"]
[Source "ChessBase"]
[SourceQuality "1"]

{[%evp 19,109,-8,-3,-22,0,2,49,0,16,0,0,0,4,-21,-29,-61,18,0,0,5,13,10,1,0,0,0,0,0,0,-9,-14,-81,-75,-89,48,8,5,14,166,164,198,204,260,169,251,251,239,239,233,227,226,223,373,318,348,254,254,254,400,312,324,150,476,281,493,519,463,437,813,774,970,939,941,933,888,744,889,889,969,676,613,0,869,854,4133,2544,6179,6170,5381,5310,29987,29988]} 1. Nf3 Nf6 2. c4 e6 3. g3 d5 4. d4 Be7 5. Bg2 O-O 6. O-O c6 7. Qc2 b6 8. Nbd2 {[%cal Bb1d2,Bd2f1,Bf1e3][%mdl 32]} Bb7 9. e4 Na6 10. e5 Nd7 11. a3 {E06: Closed Catalan: Early deviations} Nc7 12. Rd1 Qb8 13. Nf1 {White is slightly better.} Rc8 14. Ne3 a5 15. b3 {[%cal Bb2b3,Bb3c4][%mdl 32]} c5 16. Bb2 b5 17. dxc5 $146 (17. a4 bxc4 18. bxc4 dxc4 19. Nxc4 {0-1 (34) Zherebukh,Y (2606)-Kovalyov,A (2608) New York 2016}) 17... Bxc5 (17... Nxc5 $15 18. Nd4 dxc4) 18. Qe2 bxc4 19. bxc4 Ba6 20. Bd4 Qa7 21. Qa2 {[%cal Rc4d5]} Bxd4 22. Nxd4 {[%cal Rc4d5]} Nxe5 23. cxd5 Nxd5 24. Nxd5 {Hoping for Ne3.} Bc4 25. Nb5 (25. Qb2 $11 Rab8 26. Nb5 Rxb5 27. Qxe5 exd5 28. a4) 25... Bxb5 $17 26. Qb2 {[#]} Ng4 {[#]} ({Of course not} 26... exd5 $6 27. Qxe5 Ba4 28. Rxd5 $11) (26... Ba4 $1 $17 27. Nb6 Bxd1 28. Nxc8 Rxc8 29. Rxd1 Qc7) 27. Ne7+ $1 {[%mdl 512]} Qxe7 28. Bxa8 {Threatens to win with Bf3.} Rxa8 $2 (28... Nxf2 $1 $11 {and Black has nothing to worry.} 29. Kxf2 (29. Qxf2 Rxa8 30. Rdc1 Bd3 $11) 29... Qa7+ 30. Qd4 Qxa8) 29. Qxb5 $18 Qf6 30. Qe2 h5 31. Rab1 Rc8 (31... Qc3 $142 32. Rd3 Qc7) 32. Rb5 g6 33. h3 ({Don't take} 33. Rxa5 $6 Qc3 34. Qd2 Qf3) 33... Nh6 34. Rxa5 Nf5 35. Qe5 Qe7 (35... Qxe5 $142 36. Rxe5 Ra8) 36. Qe4 Kh7 37. Ra8 Rxa8 38. Qxa8 {[%mdl 4096] Endgame KQR-KQN} Qc7 (38... e5 {was worth a try.} 39. Qd8 Qxa3) 39. Qf3 e5 40. Kg2 (40. Qd5 $18 {and White stays clearly on top.}) 40... Qc2 $2 (40... h4 $16 {is tougher.}) 41. Re1 (41. Rd7 $142 Kg7 {[#]} 42. a4 $1 {[%mdl 512]}) 41... f6 $2 (41... Qc5 {was necessary.} 42. Qe4 Qxa3 43. Qxe5 Qa6) 42. Qe4 Qc3 43. a4 Kh6 (43... Nd6 $142 44. Qe3 Qb4) 44. Rb1 Qd2 45. Rb6 Kg7 46. Rb7+ Kh6 47. Rb3 Qd1 48. Qd3 Qe1 49. Rb1 Qa5 50. Qe4 Qd2 51. h4 Qa2 52. Rb6 Kg7 53. Qb7+ Kh6 54. Qa8 {[%cal Ra8h8]} Ne3+ 55. Kh3 1-0

[Event "LXIII MEX-ch Open Leon 2017"]
[Site "Leon"]
[Date "2017.04.15"]
[Round "8"]
[White "Otero Acosta, Diasmany"]
[Black "Fernandez Cardoso, Alexey"]
[Result "1/2-1/2"]
[WhiteElo "2438"]
[BlackElo "2445"]
[Annotator "TA"]
[PlyCount "242"]
[EventDate "2017.??.??"]
[EventType "swiss"]
[EventCountry "MEX"]
[SourceTitle "playchess.com"]
[Source "ChessBase"]
[SourceQuality "1"]

{[%evp 17,242,0,0,-8,15,0,-7,-1,58,40,55,57,185,184,195,186,192,186,250,166,162,150,147,0,0,0,0,0,26,49,31,-68,-72,-81,-52,-52,-52,-86,-83,-80,-81,-77,-40,-37,-37,-70,-74,-80,-75,-104,-80,-87,-91,-168,-175,-149,-80,-83,-83,-83,-3,-3,-5,-71,-68,-103,-90,-93,-93,-94,-68,-81,0,-74,-88,-98,-66,-137,-146,-135,-72,-72,0,-128,0,-95,-70,-100,-86,-110,-100,-90,-92,-127,-134,-348,-70,-622,-302,-346,-304,-319,-210,-320,-295,-330,-236,-211,-167,-193,-125,-358,-8,-8,-8,-8,0,0,8,8,8,8,65,0,2,0,0,0,0,0,65,65,65,65,66,66,66,66,66,66,66,66,66,66,66,66,66,66,66,66,66,66,66,66,66,66,66,66,66,0,66,66,66,66,66,66,66,66,66,66,66,66,66,66,66,66,66,66,66,66,66,66,66,66,66,66,66,66,66,66,66,66,66,66,71,66,66,66,66,66,66,66,70,70,71,71,71,71,71,71,71,71,71,71,71,71,71,71,72,71,72,0,73,73,73,71,72]} 1. d4 d5 2. c4 c6 3. Nf3 Nf6 4. Nc3 e6 5. e3 Nbd7 6. Qc2 Bd6 7. b3 O-O 8. Be2 b6 9. O-O Bb7 10. e4 {D45: Semi-Slav: 5 e3} (10. Bb2 Qe7 11. Rad1 Rac8 12. e4 Nxe4 13. Nxe4 dxe4 14. Qxe4 f5 15. Qc2 c5 16. Rfe1 Nf6 17. d5 Ne4 18. Bf1 Rce8 19. g3 {1-0 (35) Fressinet,L (2672)-Mamedyarov,S (2768) Doha 2016}) 10... e5 11. Bg5 exd4 $146 (11... dxc4 12. bxc4 exd4 13. Nxd4 Qc7 14. g3 Rfe8 15. Rad1 Be5 16. f3 Nc5 17. Nf5 Bc8 {0-1 (27) Van Beek,L (2416)-Sielicki,C Belgium 2001}) 12. Nxd4 {The position is equal.} Be5 (12... h6 $11 13. Be3 dxe4) 13. Rad1 c5 14. Ndb5 $1 d4 (14... Bxc3 $14 15. Nxc3 d4) 15. f4 $18 Bb8 16. e5 h6 17. Bh4 (17. exf6 hxg5 18. fxg5 Qe8 $11) 17... g5 (17... a6 $142) 18. fxg5 {[%cal Rf1f6]} ({Not} 18. exf6 gxh4 19. Nxd4 cxd4 20. Rxd4 Bc6 $11) 18... Nh7 19. Ne4 {Threatens to win with Ned6.} hxg5 20. Nxg5 ({White should play} 20. Ned6 $16 Nxe5 21. Nxb7) 20... Nxg5 $11 21. Qf5 Nxe5 22. Bxg5 Qd7 23. Qxd7 Nxd7 24. Bf3 (24. Bh5 $14) 24... Bxf3 $15 25. Rxf3 f6 $36 {[%mdl 2048] Black is pushing.} 26. Bf4 Ne5 27. Rg3+ Kf7 28. Rf1 a6 29. Na3 Ng6 (29... Re8 $5 {is more complex.} 30. Nb1 Nd7 31. Bxb8 Raxb8 32. Nd2 Re2) 30. Bxb8 Raxb8 31. Nb1 Rbe8 32. Rgf3 Kg7 33. Kf2 Re5 34. Nd2 Rfe8 35. Kg3 (35. Kg1 $17 {might work better.}) 35... Rg5+ $19 36. Kf2 Nh4 (36... Ne5 $142 37. Rg3 Kg6) 37. Rg3 $17 Rxg3 38. Kxg3 {[%mdl 4096] Endgame KRN-KRN} Re2 (38... Ng6 $1 $17) 39. Rf2 $11 Nf5+ 40. Kf3 (40. Rxf5 $11 Rxd2 41. Rf2) 40... Re3+ $17 41. Kf4 Nh4 42. Nf3 Ng6+ 43. Kf5 Ne5 44. h4 b5 (44... a5 $17) 45. Nd2 (45. Nxe5 $11 {keeps the balance.} Rxe5+ 46. Kf4) 45... Nd3 46. Rf3 Ne1 47. Rf2 {[#]} (47. Rxe3 $1 $15 dxe3 48. Ne4) 47... Re5+ $1 48. Kg4 Nd3 (48... Kg6 $142 49. Nf3 Re4+ 50. Kg3 Nd3) 49. Rf3 Ne1 (49... Nb2 $142 50. Kg3 f5) 50. Rf2 $1 Nd3 51. Rf3 Nb4 52. Rf2 Nxa2 53. Nf3 Re4+ 54. Kf5 Nc3 55. cxb5 axb5 {aiming for ...d3.} 56. g4 $2 (56. Ra2 $17 {keeps fighting.}) 56... Re3 $2 (56... d3 $19 57. h5 c4 58. bxc4 bxc4 59. h6+ Kxh6) 57. Nd2 $2 {[%mdl 8192]} (57. g5 $15 fxg5 58. Nxg5) 57... Re5+ 58. Kf4 Ne2+ 59. Kf3 Re3+ 60. Kg2 Nc1 {...Nd3 is the strong threat.} 61. Rf3 Re2+ 62. Rf2 {and the idea Rxe2 leaves White hopeful.} Re5 {White must now prevent ...Nd3.} 63. Rf3 d3 (63... Re7 $19 64. h5 Re2+ 65. Rf2 Re3) 64. Rf1 $2 (64. Kf1 $17) 64... Nxb3 $2 (64... Re2+ $19 65. Kf3 Rxd2 66. Rxc1 {[#]} c4 $1 {[%mdl 512]} 67. bxc4 Rc2) 65. Nxb3 $19 {KRN-KR} c4 66. Rd1 $1 Re2+ 67. Kf3 Rh2 68. Nd4 b4 69. Nf5+ Kf8 (69... Kg8 $11) 70. Ne3 (70. g5 $1 $14 fxg5 71. hxg5) 70... Rh3+ 71. Ke4 f5+ 72. gxf5 Rxh4+ 73. Kd5 Rf4 ({Better is} 73... c3 $11 74. Rxd3 Kf7) 74. Nxc4 $14 Rxf5+ 75. Ne5 b3 76. Ke6 Rf2 77. Rxd3 b2 78. Rb3 Re2 79. Rb7 Kg8 80. Kf6 Rf2+ 81. Kg5 Rg2+ 82. Ng4 Kf8 83. Kf6 {[%cal Rb7b8]} Ke8 84. Ne5 {[%cal Rb7b8]} Kd8 85. Nc4 Kc8 86. Nd6+ ({Of course not} 86. Nxb2 Kxb7 87. Nd1 Rg3 $15) 86... Kd8 87. Ke6 {[%csl Ge6][%cal Rb7d7]} Re2+ 88. Kd5 (88. Kf5 $1 $14) 88... Rd2+ (88... b1=Q $11 89. Rxb1 Rd2+ 90. Ke5 Re2+ 91. Kd4 Kd7) 89. Kc5 Rc2+ 90. Nc4 Kc8 91. Rb3 Kd7 92. Kd4 Ke6 93. Rb6+ Kd7 94. Nxb2 Rc6 95. Rb7+ Rc7 96. Rb5 Rc1 97. Nc4 Rd1+ 98. Kc5 Rc1 99. Rb6 Ke7 100. Kd5 Rd1+ 101. Ke4 Re1+ 102. Ne3 Kd7 103. Kd4 Rc1 104. Rh6 Ke7 105. Ke5 Kd7 106. Kd5 Ke7 107. Nf5+ Kf7 108. Nd6+ Ke7 109. Ne4 Rd1+ 110. Ke5 Kd7 111. Nf6+ Kc6 112. Nd5+ Kc5 113. Nc3 Rd8 114. Ne4+ Kb5 115. Nd6+ Kb4 116. Rh4+ Kc3 117. Rh3+ Kd2 118. Rh2+ Kd3 119. Rh3+ Kd2 $1 120. Ne4+ Ke2 121. Rh2+ Ke3 1/2-1/2

[Event "LXIII MEX-ch Open Leon 2017"]
[Site "Leon"]
[Date "2017.04.15"]
[Round "8"]
[White "Leon Valdes, Jony Wilson"]
[Black "Gonzalez Arroyo, Lenin"]
[Result "1/2-1/2"]
[WhiteElo "2363"]
[BlackElo "2233"]
[Annotator "TA"]
[PlyCount "39"]
[EventDate "2017.??.??"]
[EventType "swiss"]
[EventCountry "MEX"]
[SourceTitle "playchess.com"]
[Source "ChessBase"]
[SourceQuality "1"]

{[%evp 19,20,13,23]} 1. d4 Nf6 2. c4 c6 3. Nf3 d5 4. g3 g6 5. Bg2 Bg7 6. O-O O-O 7. cxd5 cxd5 8. Ne5 e6 9. Nc3 Nfd7 10. f4 Nc6 11. Be3 $146 Nb6 12. Bf2 f6 13. Nd3 f5 14. e3 Nc4 15. g4 Kh8 16. b3 Nd6 17. Ne5 Bd7 18. Nxd7 Qxd7 19. Rc1 Rac8 20. Kh1 {1-0 (33) Karjakin,S (2762)-Radjabov,T (2738) Berlin 2015} 1/2-1/2

[Event "LXIII MEX-ch Open Leon 2017"]
[Site "Leon"]
[Date "2017.04.15"]
[Round "8"]
[White "Gracia Alvarez, Gerardo An"]
[Black "Gonzalez Zamora, Juan Carlos"]
[Result "1/2-1/2"]
[WhiteElo "2251"]
[BlackElo "2517"]
[Annotator "TA"]
[PlyCount "52"]
[EventDate "2017.??.??"]
[EventType "swiss"]
[EventCountry "MEX"]
[SourceTitle "playchess.com"]
[Source "ChessBase"]
[SourceQuality "1"]

{[%evp 15,52,0,0,-4,0,2,10,2,5,19,41,38,42,31,47,31,33,17,63,0,39,44,47,41,58,61,67,60,53,0,0,0,0,0,0,0,0,0,0]} 1. d4 Nf6 2. c4 e6 3. Nc3 Bb4 4. Qc2 O-O 5. a3 Bxc3+ 6. Qxc3 d6 7. Bg5 Nbd7 8. e3 b6 9. Ne2 {E32: Nimzo-Indian: Classical (4 Qc2): 4...0-0} Bb7 10. Qc2 h6 (10... c5 11. Rd1 Qc7 12. Nc3 a6 13. Bh4 Rac8 14. dxc5 Qxc5 15. Qd2 d5 16. cxd5 Nxd5 17. Nxd5 Qxd5 18. Qxd5 exd5 {½-½ (35) Vidit,S (2686)-Granda Zuniga,J (2648) Douglas 2016}) 11. Bh4 $1 c5 12. Rd1 Rc8 13. Nc3 d5 14. cxd5 exd5 15. Be2 cxd4 16. Rxd4 Nc5 $146 17. f3 ({Better is} 17. Qf5 $14) 17... Ne6 18. Rd2 d4 19. O-O g5 20. Bf2 {[%cal Re3d4]} Nd5 {[%cal Bf6d5,Bd5f4,Bf4h3][%mdl 32]} 21. exd4 Nef4 22. Bd3 (22. Rfd1 $14) 22... Nxg2 $11 {The position is equal.} 23. Kxg2 {[#] aiming for Kg1.} Nf4+ 24. Kg1 Nh3+ 25. Kg2 Nf4+ 26. Kg1 {Hoping for Bf5.} Nh3+ 1/2-1/2

[Event "LXIII MEX-ch Open Leon 2017"]
[Site "Leon"]
[Date "2017.04.15"]
[Round "8"]
[White "Lopez Raygoza, Luis Albert"]
[Black "Ruiz Sanchez, Orlen"]
[Result "1/2-1/2"]
[WhiteElo "2250"]
[BlackElo "2455"]
[Annotator "TA"]
[PlyCount "51"]
[EventDate "2017.??.??"]
[EventType "swiss"]
[EventCountry "MEX"]
[SourceTitle "playchess.com"]
[Source "ChessBase"]
[SourceQuality "1"]

{[%evp 19,51,16,46,-2,3,0,28,34,37,-42,-56,-63,-44,-83,-87,-86,-83,-81,-83,-79,-85,-72,-64,-66,-45,-69,-14,-22,-10,-28,9,9,19,21]} 1. e4 c5 2. Nf3 d6 3. d4 cxd4 4. Nxd4 Nf6 5. Nc3 a6 6. g3 e5 7. Nde2 Be7 8. Bg2 O-O 9. O-O Be6 10. a4 Nc6 11. Be3 {B91: Sicilian Najdorf: 6 g3} Ng4 12. Bd2 Rc8 13. h3 {White has an edge.} Nf6 14. Be3 (14. Nd5 $14) 14... Nb4 $1 $15 15. f4 Bc4 $36 {[%mdl 2048] Black is more active.} 16. Qd2 $146 (16. Rf2 Qa5 17. Rc1 d5 18. fxe5 Nxe4 19. Nxe4 dxe4 20. b3 Be6 21. Bxe4 {0-1 (41) Estrin,Y (2450)-Pytel,K (2405) Lublin 1974}) 16... d5 17. exd5 Nfxd5 18. Nxd5 Nxd5 19. Bxd5 Qxd5 20. Qxd5 Bxd5 21. c3 Bc4 22. Rfe1 exf4 (22... f6 $15) 23. Nxf4 $11 Bb3 24. Ne2 Bd6 25. Nd4 Bc4 26. Nf5 1/2-1/2